000 00312nam a22001337a 4500
008 171013b xxu||||| |||| 00| 0 eng d
020 _a9780205420193
041 _aeng
080 _a316
100 _a51
101 _aSOC
245 _aHUMAN BEHAVIOR AND THE SOCIAL ENVIRONMENT
_cLESSER, J.G
942 _2udc
_cBK
999 _c33820
_d33820